Marvel of the Universe (Record no. 100311)

MARC details
000 -LEADER
campo de control de longitud fija 00564nam a2200157 i 4500
001 - NÚMERO DE CONTROL
campo de control 100311
003 - IDENTIFICADOR DE NÚMERO DE CONTROL
campo de control ES-MaACL
005 - FECHA Y HORA DE LA ÚLTIMA TRANSACCIÓN
campo de control 20230906182641.0
007 - CAMPO FIJO DE DESCRIPCIÓN FÍSICA--INFORMACIÓN GENERAL
campo de control de longitud fija t|
008 - DATOS DE LONGITUD FIJA--INFORMACIÓN GENERAL
campo de control de longitud fija 050926m19111912xxk ||||1| eng d
245 00 - MENCIÓN DEL TÍTULO
Título Marvel of the Universe
Resto del título : a popular work on the marvels of the heavens, the earth, plant life, animal life, the mighty deep /
Mención de responsabilidad, etc. with and introduction by Lord Avebury.
260 ## - PUBLICACIÓN, DISTRIBUCIÓN, ETC.
Lugar de publicación, distribución, etc. London :
Nombre del editor, distribuidor, etc. The Standart,
Fecha de publicación, distribución, etc. 1911-12.
300 ## - DESCRIPCIÓN FÍSICA
Extensión 2 v. :
Otras características físicas il. ;
Dimensiones 27 cm.
700 1# - ENTRADA AGREGADA--NOMBRE PERSONAL
Nombre de persona Lubbock, John
Títulos y otros términos asociados al nombre , Sir (
Fechas asociadas al nombre 1834-1913)
9 (RLIN) 74494
852 ## - LOCALIZACIÓN
Ubicación ES-MaACL
Número de control de estantería C-2071-2
Holdings
Estatus retirado Estado de pérdida Estado de daño No para préstamo Biblioteca de origen Biblioteca actual Ubicación en estantería Fecha de adquisición Fuente de adquisición Total de préstamos Signatura topográfica completa Código de barras Visto por última vez Precio de reemplazo Tipo de ítem Koha
        Biblioteca del Ateneo de Madrid Biblioteca del Ateneo de Madrid Galería 17/01/2008     C-2071-2 1104739 23/02/2023 23/02/2023 Libro impreso